Pensar para resolver : estrategias de enseñanza basadas en investigación e integradas al currículo /

Gespeichert in:
Bibliographische Detailangaben
1. Verfasser: Narváez Palacios, Janeth Patricia (autora.)
Weitere Verfasser: Gutiérrez Avendaño, Jairo (RegisseurIn)
Format: E-Book
Sprache:Spanisch
Veröffentlicht: Medellín : Universidad Católica Luis Amigó, 2025.
Schriftenreihe:Scripta Exducere ; Serie Tesis Doctorales.
Schlagworte:
Online-Zugang:https://elibro.unach.elogim.com/es/lc/unach/titulos/288816
Tags: Tag hinzufügen
Keine Tags, Fügen Sie den ersten Tag hinzu!

MARC

LEADER 00000nam a2200000 i 4500
001 ELB288816
003 FINmELB
005 20251221200015.0
006 m o d |
007 cr cnu||||||||
008 251125s2025 ck ob 001 0 spa d
020 |a 9786287765115  |q (e-book) 
035 |a (OCoLC)1564683821 
040 |a FINmELB  |b spa  |e rda  |c FINmELB 
050 4 |a LB1707  |b N238 2025 
080 |a 37.091.12:005.963 
082 0 4 |a 370.71  |2 23 
100 1 |a Narváez Palacios, Janeth Patricia,  |e autora. 
245 1 0 |a Pensar para resolver :  |b estrategias de enseñanza basadas en investigación e integradas al currículo /  |c Janeth Patricia Narváez Palacios ; Jairo Gutiérrez Avendaño (director). 
264 1 |a Medellín :  |b Universidad Católica Luis Amigó,  |c 2025. 
300 |a 1 recurso en línea (257 páginas) 
336 |a texto  |b txt  |2 rdacontent/spa 
337 |a computadora  |b c  |2 rdamedia/spa 
338 |a recurso en línea  |b cr  |2 rdacarrier/spa 
490 1 |a Scripta Exducere ; Serie Tesis Doctorales 
500 |a Incluye índice. 
504 |a Incluye referencias bibliográficas. 
588 |a Descripción basada en metadatos suministrados por el editor y otras fuentes. 
590 |a Recurso electrónico. Santa Fe, Arg.: elibro, 2025. Disponible vía World Wide Web. El acceso puede estar limitado para las bibliotecas afiliadas a elibro. 
650 4 |a Aprendizaje  |x Estrategias. 
650 4 |a Educación. 
650 4 |a Educación  |x Innovación. 
650 4 |a Profesores  |x Formación profesional. 
655 4 |a Libros electrónicos. 
700 1 |a Gutiérrez Avendaño, Jairo,  |e director. 
797 2 |a elibro, Corp. 
830 0 |a Scripta Exducere ; Serie Tesis Doctorales. 
856 4 0 |u https://elibro.unach.elogim.com/es/lc/unach/titulos/288816